<?xml version='1.0' encoding='UTF-8'?>
  <record xmlns="http://www.loc.gov/MARC21/slim">
    <leader>00000cam a2200000 i 4500</leader>
    <controlfield tag="001">ocm53975615</controlfield>
    <controlfield tag="003">OCoLC</controlfield>
    <controlfield tag="005">20250805122806.7</controlfield>
    <controlfield tag="008">030715q15201520sz            000 0 lat  </controlfield>
    <datafield tag="010" ind1=" " ind2=" ">
      <subfield code="a">  2003612551</subfield>
    </datafield>
    <datafield tag="040" ind1=" " ind2=" ">
      <subfield code="a">DLC</subfield>
      <subfield code="b">eng</subfield>
      <subfield code="e">rda</subfield>
      <subfield code="e">dcrmr</subfield>
      <subfield code="c">DLC</subfield>
      <subfield code="d">OCLCQ</subfield>
      <subfield code="d">OCLCG</subfield>
      <subfield code="d">OCLCA</subfield>
      <subfield code="d">OCLCF</subfield>
      <subfield code="d">OCLCO</subfield>
      <subfield code="d">OCLCQ</subfield>
      <subfield code="d">OCLCO</subfield>
      <subfield code="d">OCLCL</subfield>
      <subfield code="d">QGJ</subfield>
    </datafield>
    <datafield tag="029" ind1="1" ind2=" ">
      <subfield code="a">AU@</subfield>
      <subfield code="b">000025205269</subfield>
    </datafield>
    <datafield tag="035" ind1=" " ind2=" ">
      <subfield code="a">(OCoLC)53975615</subfield>
    </datafield>
    <datafield tag="050" ind1="0" ind2="0">
      <subfield code="a">BS2515</subfield>
      <subfield code="b">.V454 1520</subfield>
    </datafield>
    <datafield tag="100" ind1="1" ind2=" ">
      <subfield code="a">Velenus, Ulrichus,</subfield>
      <subfield code="d">approximately 1495-approximately 1531,</subfield>
      <subfield code="e">author.</subfield>
      <subfield code="4">aut</subfield>
      <subfield code="1">https://id.oclc.org/worldcat/entity/E39PBJwRTR9pTb9kxjK3GYj6Kd</subfield>
    </datafield>
    <datafield tag="245" ind1="1" ind2="0">
      <subfield code="a">In hoc libello grauissimis, certissimisq[ue], &amp; in sacra scriptura fundatis ratio[n]ibus uarijs probatur, Apostolu[m] Petrum Romam no[n] uenisse, neq[ue] illic passum. proinde satis friuole, &amp; temere Romanus Pontifex se Petri successorem iactat, &amp; nomi[n]at &amp;c.</subfield>
    </datafield>
    <datafield tag="246" ind1="3" ind2=" ">
      <subfield code="a">In hoc libello gravissimis, certissimisque, &amp; in sacra scriptura fundatis rationibus varijs probatur, Apostolum Petrum Romam non venisse, neque illic passum, proinde satis frivole, &amp; temere Romanus Pontifex se Petri successorem iactat, &amp; nominat &amp;c</subfield>
    </datafield>
    <datafield tag="264" ind1=" " ind2="1">
      <subfield code="a">[Basel] :</subfield>
      <subfield code="b">[Andreas Cratander],</subfield>
      <subfield code="c">[approximately 1520]</subfield>
    </datafield>
    <datafield tag="300" ind1=" " ind2=" ">
      <subfield code="a">[48] unnumbered pages ;</subfield>
      <subfield code="c">21 cm (4to)</subfield>
    </datafield>
    <datafield tag="336" ind1=" " ind2=" ">
      <subfield code="a">text</subfield>
      <subfield code="b">txt</subfield>
      <subfield code="2">rdacontent</subfield>
    </datafield>
    <datafield tag="337" ind1=" " ind2=" ">
      <subfield code="a">unmediated</subfield>
      <subfield code="b">n</subfield>
      <subfield code="2">rdamedia</subfield>
    </datafield>
    <datafield tag="338" ind1=" " ind2=" ">
      <subfield code="a">volume</subfield>
      <subfield code="b">nc</subfield>
      <subfield code="2">rdacarrier</subfield>
    </datafield>
    <datafield tag="340" ind1=" " ind2=" ">
      <subfield code="m">4to</subfield>
      <subfield code="2">rdabf</subfield>
    </datafield>
    <datafield tag="500" ind1=" " ind2=" ">
      <subfield code="a">Author's name from dedicatory epistle on page [3].</subfield>
    </datafield>
    <datafield tag="500" ind1=" " ind2=" ">
      <subfield code="a">Imprint from VD 16.</subfield>
    </datafield>
    <datafield tag="500" ind1=" " ind2=" ">
      <subfield code="a">Signatures: a-f⁴.</subfield>
    </datafield>
    <datafield tag="500" ind1=" " ind2=" ">
      <subfield code="a">Woodcut border on title page is dated: 1519.</subfield>
    </datafield>
    <datafield tag="500" ind1=" " ind2=" ">
      <subfield code="a">With woodcut initials.</subfield>
    </datafield>
    <datafield tag="500" ind1=" " ind2=" ">
      <subfield code="a">According to Nijhoff-Kronenberg, the place of publication is Antwerp and the printer's name is Michiel Hillen van Hoochstraten.</subfield>
    </datafield>
    <datafield tag="510" ind1="4" ind2=" ">
      <subfield code="a">Short-title catalogue of books printed in the German-speaking countries and German books printed in other countries from 1455 to 1600 now in the British Museum,</subfield>
      <subfield code="c">886</subfield>
    </datafield>
    <datafield tag="510" ind1="4" ind2=" ">
      <subfield code="a">Verzeichnis der im deutschen Sprachbereich erschienenen Drucke des 16. Jahrhunderts (VD 16),</subfield>
      <subfield code="c">V 505</subfield>
      <subfield code="u">https://gateway-bayern.de/VD16+V+505</subfield>
    </datafield>
    <datafield tag="510" ind1="4" ind2=" ">
      <subfield code="a">Pflugk-Hartung, J. Rahmen deutscher Buchtitel im 16. Jahrhundert,</subfield>
      <subfield code="c">37</subfield>
    </datafield>
    <datafield tag="510" ind1="4" ind2=" ">
      <subfield code="a">Lamping, A.J. Ulrichus Velenus,</subfield>
      <subfield code="c">209-212</subfield>
    </datafield>
    <datafield tag="510" ind1="4" ind2=" ">
      <subfield code="a">Nijhoff, W., Kronenberg M. E. Nederlandsche bibliographie van 1500 tot 1540,</subfield>
      <subfield code="c">2112</subfield>
    </datafield>
    <datafield tag="600" ind1="0" ind2="0">
      <subfield code="a">Peter,</subfield>
      <subfield code="c">the Apostle, Saint.</subfield>
    </datafield>
    <datafield tag="650" ind1=" " ind2="0">
      <subfield code="a">Popes</subfield>
      <subfield code="x">Primacy.</subfield>
    </datafield>
    <datafield tag="650" ind1=" " ind2="6">
      <subfield code="a">Papes</subfield>
      <subfield code="x">Primauté.</subfield>
    </datafield>
    <datafield tag="600" ind1="0" ind2="7">
      <subfield code="a">Peter,</subfield>
      <subfield code="c">the Apostle, Saint</subfield>
      <subfield code="2">fast</subfield>
      <subfield code="1">https://id.oclc.org/worldcat/entity/E39PBJf49HtKJXRqJ8g8Rx4rMP</subfield>
    </datafield>
    <datafield tag="650" ind1=" " ind2="7">
      <subfield code="a">Popes</subfield>
      <subfield code="x">Primacy</subfield>
      <subfield code="2">fast</subfield>
    </datafield>
    <datafield tag="655" ind1=" " ind2="7">
      <subfield code="a">Early works</subfield>
      <subfield code="2">fast</subfield>
    </datafield>
    <datafield tag="700" ind1="1" ind2=" ">
      <subfield code="a">Cratander, Andreas,</subfield>
      <subfield code="d">-1540?</subfield>
      <subfield code="e">printer.</subfield>
      <subfield code="4">prt</subfield>
      <subfield code="1">https://id.oclc.org/worldcat/entity/E39PBJwxMgXBR44wmQhJHWhGpP</subfield>
    </datafield>
    <datafield tag="700" ind1="1" ind2=" ">
      <subfield code="a">Hillen van Hoochstraten, Michiel,</subfield>
      <subfield code="d">approximately 1476-1558,</subfield>
      <subfield code="e">attributed name,</subfield>
      <subfield code="e">printer.</subfield>
      <subfield code="4">att</subfield>
      <subfield code="4">prt</subfield>
      <subfield code="1">https://id.oclc.org/worldcat/entity/E39PBJmhJpRpbPXdqtJDKCT4MP</subfield>
    </datafield>
    <datafield tag="752" ind1=" " ind2=" ">
      <subfield code="a">Switzerland</subfield>
      <subfield code="d">Basel.</subfield>
      <subfield code="e">publication place.</subfield>
      <subfield code="4">pup</subfield>
    </datafield>
  </record>